000 01173namaa2200313 i 4500
003 EG-GICUC
005 20260209125308.0
008 260209s1987 mr |||jr|||| 001 0 ara d
017 _a1987 / 487
_bالمكتبة الوطنية (المغرب)
040 _aEG-GiCUC
_bara
_cEG-GiCUC
_dEG-GiCUC
_erda
082 0 4 _221
_a411.5
_bS1298
092 0 4 _221
_a411.5
_bS1298
099 _a411.5 S1298
100 1 _aالسغروشنى، ادريس
_eمؤلف.
245 1 _aمدخل للصواتة التوليدية /
_cإدريس السغروشنى.
250 _aالطبعة الاولى
264 _aالدار البيضاء (المغرب) :
_bدار توبقال للنشر،
_c1987.
300 _a125 صفحة ؛
_c23 سم
336 _2rdacontent
_atext
337 _2rdamedia
_aUnmediated
338 _2rdacarrier
_avolume
490 _aسلسلة المعرفة اللسانية ؛
_v46
504 _a115-109 ببليوجرافيا: صفحات.
541 _aد. جابر عصفور ؛
_bالقاهرة ؛
_cإهداء ؛
_d2024.
650 1 7 _aالاصوات اللغوية العربية
_2qrmak
651 1 _2qrmak
905 _aAya
942 _2ddc
_cBK
_e21
_n0
999 _c178302
_d178302